[Event "Gonzaga Masters"]
[Site "Dublin"]
[Date "2012.01.30"]
[Round "5"]
[White "Pender, Conor"]
[Black "Janusaitis, Mindaugas"]
[Result "1/2-1/2"]
[WhiteElo "1926"]
[BlackElo "1978"]
[PlyCount "76"]
[EventDate "2012.01.27"]
[EventType "swiss"]
[EventRounds "5"]
[EventCountry "IRL"]
[SourceTitle "EXT 2023"]
[Source "ChessBase"]
[SourceDate "2022.10.05"]
[SourceVersion "1"]
[SourceVersionDate "2022.10.05"]
[SourceQuality "1"]

1. e4 e5 2. Nf3 Nc6 3. Bb5 a6 4. Bxc6 dxc6 5. 0-0 Bg4 6. h3 Bxf3 7. Qxf3 Nf6 8. d3 Qd6 9. Be3 0-0-0 10. Nd2 Qe6 11. Rfb1 h6 12. b4 g5 13. a4 g4 14. hxg4 Nxg4 15. b5 h5 16. bxa6 bxa6 17. Bg5 Bc5 18. Bh4 Rdf8 19. Qf5 Rhg8 20. Kf1 Rg6 21. Ke2 Rfg8 22. Nc4 Bd4 23. Ra3 Nh6 24. Qxe6+ Rxe6 25. Rab3 Ba7 26. a5 Rg4 27. Rb7 Bb6 28. Bg3 Kxb7 29. axb6 cxb6 30. Rxb6+ Ka7 31. Rb1 Rg5 32. Na5 f5 33. Kf1 f4 34. Rb7+ Ka8 35. Bh4 Rg8 36. Rc7 Kb8 37. Rb7+ Ka8 38. Rc7 Kb8 1/2-1/2

[Event "Gonzaga Masters"]
[Site "Dublin"]
[Date "2012.01.28"]
[Round "3"]
[White "O'Donnell, Conor"]
[Black "Pender, Conor"]
[Result "1/2-1/2"]
[WhiteElo "1780"]
[BlackElo "1926"]
[PlyCount "65"]
[EventDate "2012.01.27"]
[EventType "swiss"]
[EventRounds "5"]
[EventCountry "IRL"]
[SourceTitle "EXT 2023"]
[Source "ChessBase"]
[SourceDate "2022.10.05"]
[SourceVersion "1"]
[SourceVersionDate "2022.10.05"]
[SourceQuality "1"]

1. e4 c6 2. d4 d5 3. exd5 cxd5 4. Bd3 Nc6 5. c3 Qc7 6. Ne2 Bg4 7. f3 Bd7 8. Bf4 e5 9. dxe5 Nxe5 10. Bc2 Bc6 11. 0-0 Bd6 12. Nd4 Ne7 13. Nd2 0-0 14. Qe2 Rfe8 15. Qf2 N5g6 16. Bxd6 Qxd6 17. Rfe1 Bd7 18. Nf1 Nc6 19. Ng3 Nxd4 20. Qxd4 b6 21. Bxg6 hxg6 22. Kf2 Qc5 23. Rxe8+ Rxe8 24. Rd1 Rc8 25. Qxc5 bxc5 26. Rxd5 Be6 27. Rd2 Bxa2 28. Ne4 Be6 29. Ke3 Kf8 30. Kd3 Bb3 31. c4 Ba4 32. Kc3 f5 33. b3 1/2-1/2